000 00855cam a2200253 i 4500
001 61379
005 20180714063005.0
008 140719s1993 mx ao r 000 0 spa d
020 _a9682318602
040 _aMX-PuUPA
_bspa
_erda
_cMx-PuUPA
_dMx-PuUPA
041 _aspa
082 0 _a709
_bMON
100 1 _aMonteforte Toledo, Mario,
_d1911-2003
_eautor
245 1 0 _aConversaciones con Mathias Goeritz /
_cpor Mario Monteforte Toledo.
250 _aPrimera edición
264 1 _aMéxico, D.F. :
_bSiglo xxi Editores,
_c1993
300 _a140 páginas :
_bilustraciones, fotografías ;
_c28 cm.
336 _atexto
_2rdacontent
337 _asin mediación
_2rdamedia
338 _avolume
_2rdacarrier
490 0 _aLa voz de la luz
600 1 4 _aGoeritz, Mathias,
_y1915-1990
_xEntrevistas
650 4 _aArtista
_zMéxico
_xEntrevistas
999 _c61379
_d61379